|
|
|
|
| LEADER |
01780cam a2200505 i 4500 |
| 001 |
nkc20203178794 |
| 003 |
CZ PrNK |
| 005 |
20200518120140.0 |
| 007 |
ta |
| 008 |
200224s2020 xr f 000 0 cze d |
| 015 |
|
|
|a cnb003178794
|
| 020 |
|
|
|a 978-80-7598-646-7
|q (brožováno)
|
| 035 |
|
|
|a (OCoLC)1200247313
|
| 040 |
|
|
|a KLG001
|b cze
|d BOA001
|d ABA001
|e rda
|
| 043 |
|
|
|a e-xr---
|
| 072 |
|
7 |
|a 34
|x Právo
|2 Konspekt
|9 16
|
| 080 |
|
|
|a 616-057
|2 MRF
|
| 080 |
|
|
|a 34
|2 MRF
|
| 080 |
|
|
|a (437.3)
|2 MRF
|
| 080 |
|
|
|a (048.8)
|2 MRF
|
| 100 |
1 |
|
|a Tomšej, Jakub,
|d 1988-
|7 kv2015879175
|4 aut
|
| 245 |
1 |
0 |
|a Pracovnělékařské služby /
|c Jakub Tomšej
|
| 250 |
|
|
|a 3. vydání
|
| 264 |
|
1 |
|a Praha :
|b Wolters Kluwer,
|c 2020
|
| 300 |
|
|
|a ix, 158 stran ;
|c 24 cm
|
| 336 |
|
|
|a text
|b txt
|2 rdacontent
|
| 337 |
|
|
|a bez média
|b n
|2 rdamedia
|
| 338 |
|
|
|a svazek
|b nc
|2 rdacarrier
|
| 490 |
1 |
|
|a Právní monografie
|
| 500 |
|
|
|a "Právní stav publikace je k 1.1.2020"--Rub titulní stránky
|
| 504 |
|
|
|a Obsahuje bibliografické odkazy
|
| 650 |
0 |
7 |
|a pracovní lékařství
|7 ph124528
|x právní aspekty
|2 czenas
|
| 650 |
0 |
7 |
|a pracovní lékařství
|7 ph124528
|z Česko
|2 czenas
|
| 650 |
0 |
9 |
|a occupational medicine
|x legal aspects
|2 eczenas
|
| 650 |
0 |
9 |
|a occupational medicine
|z Czechia
|2 eczenas
|
| 655 |
|
7 |
|a monografie
|7 fd132842
|2 czenas
|
| 655 |
|
9 |
|a monographs
|2 eczenas
|
| 830 |
|
0 |
|a Právní monografie (Wolters Kluwer ČR)
|0 s
|
| 910 |
2 |
|
|a BOA001
|b 2-1445.333
|
| 920 |
|
|
|a 1276005
|z KLG001
|
| 990 |
|
|
|a BK
|
| 995 |
|
|
|a 01
|
| 991 |
|
|
|b 202003
|c NOV
|
| 996 |
6 |
|
|b 2610817257
|c 2-1445.333
|l MZK
|r Sklad / do 1 hodiny
|n 0
|p p.v.
|w 001785484
|u 000010
|a 1
|e BOA001
|j MZK50
|s P
|
| 996 |
7 |
|
|b 2610817824
|c 2-1445.333
|l MZK
|r Sklad / do 1 hodiny
|n 4
|p kup
|w 001785484
|u 000020
|a 1
|e BOA001
|j MZK50
|s A
|